| Поле | Инд. | ПП | Название | Значение |
|---|---|---|---|---|
| Тип записи | a | |||
| Библиографический уровень | m | |||
| 001 | Контрольный номер | d08dd972-bb51-4d90-9cd0-e5be4f5d87e3 | ||
| 005 | Дата корректировки | 20131112034629.5 | ||
| 008 | Кодируемые данные | 960426 d | ||
| 020 | c | Цена, тираж | 0-20 | |
| 080 | a | Индекс УДК | 519.852 | |
| 084 | a | Индекс другой классификации/Индекс ББК | В183.41 | |
| 090 | x | Авторский знак | В67 | |
| a | Полочн. индекс | 517.85 | ||
| 100 | 1_ | a | Автор | Волков Вадим Алексеевич |
| 245 | 1_ | a | Заглавие | Элементы линейного программирования |
| b | Продолж. заглавия | Пособие для учителей сред. шк. | ||
| c | Ответственность | В. А. Волков | ||
| 260 | 0_ | a | Место издания | Москва |
| b | Издательство | Просвещение | ||
| c | Дата издания | 1975 | ||
| 300 | a | Объем | 142 с. | |
| b | Иллюстрации/ тип воспроизводства | черт. | ||
| 504 | a | Библиография | Библиогр. в конце кн. | |
| 650 | a | Основная рубрика | Линейное программирование | |
| 650 | a | Основная рубрика | Программирование математическое | |
| 653 | a | Ключевые слова | Линейное программирование | |
| 852 | t | Порядковый номер экземпляра | 15 | |
| p | Инвентарный номер | 408028 | ||
| p | Инвентарный номер | 861 - 14 экз. | ||
| 954 | a | Дата поступления на обработку | 20011012 | |
| 999 | a | Подразделение 2 | Фил3 |